Score 0/34 Timer 05:00
0 Plays Today
% Correct
Thank
95.1%
Turtles
95%
Transgender
95%
Talk
94.5%
Terrestrial
94.4%
Table
93.8%
Tender
93.4%
Teacher
93.1%
Technology
91.9%
Tobacco
91.8%
Trichloroethane
91.2%
Television
89.2%
Team
87.1%
Test
87%
Transfer
87%
Times
85.9%
Tennessee
83.3%
% Correct
The
83.3%
Teaching
83.1%
Thirty
81.5%
Trade
81.5%
Technical
81.2%
Terrell
79.1%
Treaty
78.9%
T-Boz
77.7%
Tube
76.3%
Tariffs
75.3%
Time
74.5%
Transport
73.9%
Top
73.1%
Text
69.9%
Telephone
69.2%
Thermal
68.1%
Turner
67.8%
Remove Ads.
Support Sporcle.
Get the best of Sporcle when you Go Orange. This ad-free experience offers more features, more stats, and more fun while also helping to support Sporcle. Thank you for becoming a member.

You're not logged in!

Compare scores with friends on all Sporcle quizzes.
OR
Log In

Show Comments

Extras

Top Quizzes Today


Score Distribution

Your Account Isn't Verified!

In order to create a playlist on Sporcle, you need to verify the email address you used during registration. Go to your Sporcle Settings to finish the process.

Report this User

Report this user for behavior that violates our Community Guidelines.

Details: